000 01029nam0a22002651 4500
001 v19\rc\1283972
005 20070720115935.4
035 _a(NLR Aleph) 005200493
090 _a5304834
_c5304834
100 _a20060306d1842 |||y0rusy50 ca
101 0 _arus
102 _aRU
105 _ay z |||||
200 1 _aСвященная история
210 _aСанкт-Петербург
_cтип. А. Бородина и К°
_d1842
215 _a[2], IV, 516 с.
300 _aАвт. установлен по изд.: Межов. Систематический каталог русским книгам... с 1825 вплоть до 1869 года... № 87
700 1 _aМуравьев
_bА. Н.
_cписатель
_f1806-1874
_gАндрей Николаевич
_3RU\NLR\AUTH\7712497
_7ca
801 0 _aRU
_bNLR
_c20060306
_gpsbo
801 0 _aRU
_bRuMoRGB
_c20060306
_2psbo
801 1 _aRU
_bProSoft-M
_c20060306
_2rusmarc
801 2 _aRU
_bNLR
_c20070720
_2rusmarc
852 _aNLR
_j18.111.3.31
942 _cBOOK
980 _aNB